| 000 | 00613nam a2200241 a 4500 | ||
|---|---|---|---|
| 001 | 0001-1344 | ||
| 003 | ELIB.Books | ||
| 008 | 150831 2010 eng | ||
| 020 | _a095904390X | ||
| 035 | _a(ELIB.Books)0001-1499 | ||
| 092 |
_a248 _bHay |
||
| 100 | _aHayward, Susan. | ||
| 245 | _aA Guide for the Advanced Soul | ||
| 260 |
_aAustralia: _bIn-Tune Books _c1984 |
||
| 300 | _c17.5 Cm | ||
| 500 | _aDr. Min Oo | ||
| 650 | _aChristian Life | ||
| 856 |
_nKBTS: Library _uKBTS: Elib |
||
| 942 |
_2ddc _cBK |
||
| 990 | _a1 | ||
| 998 |
_cbat _e2015-08-31 _mcat _u2018-11-19 |
||
| 999 |
_c11344 _d11344 |
||